000 00552nam a22001937a 4500
005 20160727163012.0
010 _aENG-115558
020 _a9789380743141
_c395.00
035 _aEN-99090
037 _bDBAD/PUB
082 _a230.4
100 _aVaswani,J.P.
245 _aSwallow irritation before irritation swallows you /
_cby J.P. Vaswani
250 _a3rd ed.
260 _aNew Delhi
_bGita Publishing House
270 _a10,Sadhu Vaswani Path
_bPune
_e411001
300 _a176p.
_c22cm(pbk)
942 _2ddc
_cEN
_h230.4
_mVAS
999 _c101527
_d101527